| 000 | 01096nam a2200217 a 4500 | ||
|---|---|---|---|
| 001 | 86111 | ||
| 003 | BD-RjUL | ||
| 005 | 20260121102322.0 | ||
| 008 | 260118s2025 bg ||||| |||| 00| 0 ben d | ||
| 035 | _a(BD-RjUL)86111 | ||
| 040 |
_aBD-RjUL _beng _cBD-RjUL |
||
| 041 | _aben | ||
| 082 |
_223 _a954.92 _bHOB 2025 |
||
| 100 | _aহোসেন, মোহাম্মদ বেলাল | ||
| 245 |
_aবাংলাদেশ স্টাডিজ : _bইতিহাস-ঐতিহ্য, ইসলামী সভ্যতা ও সংস্কৃতি / _cমোহাম্মদ বেলাল হোসেন |
||
| 260 |
_aরাজশাহী : _bসেন্টার ফর সোশ্যাল রিসার্চ, _c২০২৫ |
||
| 300 |
_a৩৪৫ পৃ. : _bচিত্রসমূহ; _c২৫ সেমি. |
||
| 651 |
_aবাংলাদেশ _xইতিহাস, সমাজ, সংস্কৃতি ও সামগ্রিক পরিচিতি _917603 |
||
| 651 |
_aBangladesh _xHistory, Society, Culture and Overall Introduction _917604 |
||
| 942 |
_2ddc _cBK |
||
| 999 |
_c86111 _d86111 |
||